Yellow Logos Quiz Stats

 Plays Quiz Updated Jun 26, 2018

Also try: Green Logos
Challenge
Share
Tweet
Score 0/16 Timer 05:00
2 Plays Today
Logo # Answer % Correct
1McDonald's
99.3%
8Shell
97.2%
2Burger King
93.7%
4Chevrolet
92.1%
11Amazon
78.1%
7Best Buy
77.7%
6National Geographic
76.4%
16Ferrari
74.2%
Logo # Answer % Correct
3Hardee's/Carl's Jr.
65.6%
13Sprint
65.1%
53M Post-It Notes
59.1%
12Los Angeles Chargers
55.8%
9Corona
30.6%
10Snapchat
27.2%
14Nikon
26.2%
15Toblerone
17.5%

You're not logged in!

Compare scores with friends on all Sporcle quizzes.
OR
Log In

You Might Also Like...

Show Comments

Extras

Top Quizzes Today


Score Distribution

Your Account Isn't Verified!

In order to create a playlist on Sporcle, you need to verify the email address you used during registration. Go to your Sporcle Settings to finish the process.

Report this User

Report this user for behavior that violates our Community Guidelines.

Details: